La fuga

Na minha lista:
Detalhes bibliográficos
Autor principal: Hagel Echenique, Jaime (Author)
Formato: Livro
Idioma:espanhol
Publicado em: Valparaíso Universidad de Valparaíso 1988
Assuntos:
Tags: Adicionar Tag
Sem tags, seja o primeiro a adicionar uma tag!

MARC

LEADER 00000nam a2200000 a 4500
001 UCX7013
003 CL-VaPUC
008 930910e19880000CL |||||||||||||||||spa|d
082 0 4 |a Ch863  |b HAG  |2 21 
100 0 |a Hagel Echenique, Jaime  |e author  |9 323736 
245 1 3 |a La fuga 
300 |a 8 p 
942 |c BK 
945 |d 19930910 00:00:00 
260 |a Valparaíso  |b Universidad de Valparaíso  |c 1988 
650 0 |a Cuentos chilenos   |9 308280 
583 |a last modification  |c 19930910 00:00:00  |k Rodrigo Vera 
999 |c 226935  |d 226933 
952 |0 0  |1 0  |4 0  |6 CH_863_000000000000000_HAG_1988  |7 0  |8 A  |9 225643  |a BIBEDU  |b BIBEDU  |d 2019-11-15  |i 2942844  |o Ch863 HAG 1988  |p 2942844  |r 2019-11-15  |w 2019-11-15  |y BK  |k LIT